000 00641nam a2200217Ia 4500
003 OSt
005 20230429125142.0
008 210423s2013 xx 000 0 und d
020 _a978-93-532-8526-5
040 _cAL
041 _aeng
082 _a158.3
_223
_bREEI
100 _aREEVES (Andrew)
_995427
245 _aIntroduction to counselling and psychotherapy: from theory to practice
260 _aNew Delhi
_bSage Publications
_c2013
300 _axviii,394,R-12,I-13
_bPB
365 _b495
_cINR
650 _aCounseling
_995428
906 _acounselling ; Introduction ; practice ; psychotherapy: ; theory
942 _2ddc
_cBK
999 _c170502
_d170502